José Donoso: originales y metáforas
Sparad:
| Huvudupphovsman: | |
|---|---|
| Materialtyp: | Bok |
| Språk: | spanska |
| Publicerad: |
Santiago
Planeta
1988
|
| Serie: | Biblioteca del Sur
|
| Ämnen: | |
| Taggar: |
Lägg till en tagg
Inga taggar, Lägg till första taggen!
|
MARC
| LEADER | 00000nam a2200000 a 4500 | ||
|---|---|---|---|
| 001 | UCW8553 | ||
| 003 | CL-VaPUC | ||
| 008 | 881003e19880000CL |||||||||||||||||spa|d | ||
| 082 | 0 | 4 | |a Ch863.09 |b CER |2 21 |
| 100 | |a Cerda, Carlos |e autor |9 313757 | ||
| 245 | 1 | 0 | |a José Donoso: originales y metáforas |
| 300 | |a 217 p | ||
| 942 | |c BK | ||
| 945 | |d 19881003 00:00:00 | ||
| 260 | |a Santiago |b Planeta |c 1988 | ||
| 600 | 0 | 7 | |a DONOSO, JOSE |2 CL-VaPUC |9 313758 |
| 650 | 0 | |a Crítica e interpretación |9 255042 | |
| 650 | 0 | |a Biografías |9 255210 | |
| 583 | |a last modification |c 20150113 02:04:25 |k Rodrigo Vera | ||
| 490 | 0 | |a Biblioteca del Sur | |
| 999 | |c 220892 |d 220890 | ||
| 952 | |0 0 |1 0 |4 0 |6 CH_863_090000000000000_CER_1988 |7 0 |8 A |9 213675 |a BIBEDU |b BIBEDU |d 2019-11-15 |i 2819961 |o Ch863.09 CER 1988 |p 2819961 |r 2019-11-15 |w 2019-11-15 |y BK |k LIT | ||
| 952 | |0 0 |1 0 |4 0 |6 CH_863_090000000000000_CER_1988 |7 0 |8 A |9 213676 |a FDOPOS |b FDOPOS |d 2019-11-15 |i 3712168 |o Ch863.09 CER 1988 |p 3712168 |r 2025-01-22 |w 2019-11-15 |y BK |k MLH | ||